Extreme résumé makeover : The ultimate guide to renovating your résumé

Spremljeno u:
Bibliografski detalji
Glavni autor:  Kenkel, Cindy S
Format: Sách
Jezik:Undetermined
Izdano:  McGraw-Hill/Irwin  2007
Teme:
Oznake: Dodaj oznaku
Bez oznaka, Budi prvi tko označuje ovaj zapis!
Thư viện lưu trữ: Trung tâm Thư viện - Trường Đại học Công nghiệp TP. Hồ Chí Minh
LEADER 00530nam a2200157Ia 4500
001 UIH_05810
008 231011s9999 xx 000 0 und d
082 |a  650.14 
100 |a  Kenkel, Cindy S 
245 0 |a  Extreme résumé makeover : The ultimate guide to renovating your résumé 
245 0 |c  Kenkel, Cindy S 
260 |b  McGraw-Hill/Irwin 
260 |c  2007 
650 |a  Sơ yếu lý lịch;  
927 |a Sách 
980 |a Trung tâm Thư viện - Trường Đại học Công nghiệp TP. Hồ Chí Minh